|
|
|
|
| LEADER |
00000nab a2200000 a 4500 |
| 001 |
vtls008831777 |
| 003 |
SK-MaSNL |
| 005 |
20260303062400.0 |
| 008 |
060718c20060612xo dr n 000 00slo |
| 038 |
|
|
|a SVKPOCL
|
| 040 |
|
|
|a SVKPOCL
|b slo
|c AACR2
|e AACR2
|
| 041 |
|
|
|a slo
|
| 044 |
|
|
|a xo
|c SK
|
| 080 |
|
|
|a 796.412.2.093.1
|2 2001
|
| 100 |
1 |
|
|a Jacoš, Ján,
|d 1963-
|4 aut
|9 11515
|
| 245 |
1 |
0 |
|a Ozdobou Charm Cupu 2006 v modernej gymnastike Bulharky
|c [autor] (jac)
|
| 300 |
|
|
|a Fotogr.
|
| 610 |
2 |
7 |
|a Charm Prešov (klub modernej gymnastiky : Prešov, Slovensko)
|2 svkpocl
|9 1040622
|
| 611 |
2 |
7 |
|a Charm Cup
|n (2. :
|d 2005 :
|c Prešov, Slovensko)
|2 svkpocl
|9 1058052
|
| 650 |
0 |
7 |
|a moderná gymnastika
|2 svkpocl
|9 768
|
| 651 |
|
7 |
|a Prešov (Slovensko)
|2 svkpocl
|9 17347
|
| 773 |
0 |
|
|t Prešovský večerník
|g Roč. XVII, č. 3974 (12.6.2006)
|x 1336-4030
|
| 773 |
0 |
8 |
|i Príl.:
|t Šport Extra
|g Č. 24 (12. júna 2006), s. 10
|
| 852 |
|
|
|a SVKPO
|b KIS3GCP
|
| 856 |
4 |
1 |
|u www.vecernik.po.sk
|
| 958 |
|
|
|a RG
|
| 999 |
|
|
|c 1739013
|d 1740943
|